00518nam a2200193Ia 4500003000400000005001700004008004100021020002200062040000700084041000800091082001500099100002700114245006600141260004500207300001600252365001300268650001400281650002900295OSt20230516112454.0210423s2011 xx 000 0 und d a978-0-19-806910-2 cAL aeng a338.9 DESG aDESHPANDE (Ashwini) Ed aGlobalization and development: a handbook of new perspectives aNew DelhibOxford University Pressc2011 axvi,301bPB b495cINR aEconomics aEconomics of Development